000 00321nam a22001337a 4500
008 170821b xxu||||| |||| 00| 0 eng d
020 _a0697122905
041 _aeng
080 _22ND
_a51
100 _a51
101 _aMAT
245 _aPRINCIPLES OF ELEMENTARY ALGEBRA WITH APPLICATIONS
_cNUSTAD,H,L
942 _2udc
_cBK
999 _c24340
_d24340